Score 0/16 Timer 05:00
0 Plays Today
Question Answer Wrong Answers
Movie
Mrs. Doubtfire
Daniel Hillard/Mrs. Euphegenia Doubtfire
97.9%
Genie
0%
Alan Parrish
0%
Patch Adams
0.2%
Movie
Aladdin
Genie
97.8%
Daniel Hillard/Mrs. Euphegenia Doubtfire
0.1%
Alan Parrish
0.1%
Patch Adams
0.1%
Character
Genie
Genie
97.2%
Daniel Hillard/Mrs. Euphegenia Doubtfire
0.2%
Alan Parrish
0.1%
Patch Adams
0.2%
Movie
Patch Adams
Patch Adams
97%
Daniel Hillard/Mrs. Euphegenia Doubtfire
0.5%
Genie
0.1%
Alan Parrish
0.4%
Character
Daniel Hillard/Mrs. Euphegenia Doubtfire
Daniel Hillard/Mrs. Euphegenia Doubtfire
97%
Genie
0.4%
Alan Parrish
0.2%
Patch Adams
0.5%
Movie
Jumanji
Alan Parrish
96.7%
Daniel Hillard/Mrs. Euphegenia Doubtfire
0.3%
Genie
0.7%
Patch Adams
0.5%
Character
Patch Adams
Patch Adams
96.3%
Daniel Hillard/Mrs. Euphegenia Doubtfire
0.3%
Genie
0.3%
Alan Parrish
0.9%
Quote
We need to start treating the patient as well as the disease.
Patch Adams
96%
Daniel Hillard/Mrs. Euphegenia Doubtfire
0.5%
Genie
0.4%
Alan Parrish
0.7%
Quote
Oi! Ten thousand years will give you such a crick in the neck.
Genie
91.6%
Daniel Hillard/Mrs. Euphegenia Doubtfire
1.4%
Alan Parrish
3.9%
Patch Adams
0.7%
Costars
Mara Wilson & Pierce Brosnan
Daniel Hillard/Mrs. Euphegenia Doubtfire
84.9%
Genie
2%
Alan Parrish
5.3%
Patch Adams
5.3%
Costars
Monica Potter & Philip Seymour Hoffman
Patch Adams
78.2%
Daniel Hillard/Mrs. Euphegenia Doubtfire
4.4%
Genie
3.1%
Alan Parrish
11.7%
Character
Alan Parrish
Alan Parrish
77.7%
Daniel Hillard/Mrs. Euphegenia Doubtfire
6.4%
Genie
0.9%
Patch Adams
13%
Quote
Did someone roll a five or an eight?
Alan Parrish
77.7%
Daniel Hillard/Mrs. Euphegenia Doubtfire
2.8%
Genie
12.1%
Patch Adams
5.3%
Costars
Kirsten Dunst & Bonnie Hunt
Alan Parrish
76.6%
Daniel Hillard/Mrs. Euphegenia Doubtfire
6.7%
Genie
2.9%
Patch Adams
11.7%
Costars
Scott Weinger & Gilbert Gottfried
Genie
71.5%
Daniel Hillard/Mrs. Euphegenia Doubtfire
2.5%
Alan Parrish
8.1%
Patch Adams
14.8%
Quote
It was a run-by fruiting!
Daniel Hillard/Mrs. Euphegenia Doubtfire
56.2%
Genie
13.4%
Alan Parrish
8.2%
Patch Adams
19.4%
Remove Ads.
Support Sporcle.
Get the best of Sporcle when you Go Orange. This ad-free experience offers more features, more stats, and more fun while also helping to support Sporcle. Thank you for becoming a member.

You're not logged in!

Compare scores with friends on all Sporcle quizzes.
OR
Log In

Show Comments

Extras

Top Quizzes Today


Score Distribution

Your Account Isn't Verified!

In order to create a playlist on Sporcle, you need to verify the email address you used during registration. Go to your Sporcle Settings to finish the process.

Report this User

Report this user for behavior that violates our Community Guidelines.

Details: